000
00306nam a22001337a 4500
008
170602b xxu||||| |||| 00| 0 eng d
020
_a
674825489
041
_a
eng
080
_a
94
100
_a
17
101
_a
SHH
245
_a
THE SOVIET BLOC UNITY CONFLICT
_c
BRZEZINSKI.Z.K
942
_2
udc
_c
BK
999
_c
15688
_d
15688